Swimming for total fitness : a progressive aerobic program
| Main Author: | |
|---|---|
| Other Authors: | , |
| Format: | Book |
| Published: |
New York :
Doubleday ,
19__
|
| Subjects: |
MARC
| LEADER | 00000cam a2200000 7i4500 | ||
|---|---|---|---|
| 001 | 0000001602 | ||
| 002 | 000001749 | ||
| 005 | 20000330.0 | ||
| 020 | |a 0385468210 | ||
| 090 | 0 | 0 | |a 797.21 |b KAT |
| 100 | 1 | |a Katz, Jane | |
| 245 | 1 | 0 | |a Swimming for total fitness : |b a progressive aerobic program |c Jane Katz and Nancy P. Brunning |
| 260 | |a New York : |b Doubleday , |c 19__ | ||
| 300 | |a 393p. ; |c 26cm. | ||
| 650 | 0 | 0 | |a Physical fitness |
| 650 | 0 | 0 | |a Swimming |
| 700 | 1 | |a Bruning, Nancy P | |
| 700 | 1 | |a Jones, Phillip | |
| 999 | |a 034519 |b BUKU |c PINJAMAN |e PERPUSTAKAAN KOMUNITI PETALING JAYA | ||